[Event "Gran Canaria Arucas op 9th"]
[Site "Gran Canaria"]
[Date "2013.06.12"]
[Round "1"]
[White "Sarmiento Afonso, Santiago"]
[Black "Sanchez Ramirez, Gustavo"]
[Result "1-0"]
[WhiteElo "2106"]
[BlackElo "1587"]
[PlyCount "33"]
[EventDate "2013.06.12"]
[EventType "swiss"]
[EventRounds "6"]
[EventCountry "ESP"]
[SourceTitle "CBM 155 Extra"]
[Source "ChessBase"]
[SourceDate "2013.08.26"]
[SourceVersion "1"]
[SourceVersionDate "2013.08.26"]
[SourceQuality "1"]

1. e4 c5 2. Nf3 d5 3. exd5 Qxd5 4. Nc3 Qh5 5. Be2 f6 6. 0-0 Bd7 7. d4 e6 8. Bf4 Qf7 9. Re1 g5 10. Nxg5 Qg7 11. Bh5+ Ke7 12. Nd5+ Kd8 13. Nxe6+ Bxe6 14. Rxe6 Kd7 15. Bg4 Kd8 16. dxc5 Nd7 17. Bc7+ 1-0